Advanced programming in Java 2 : updated to J2SE6 with swing servlet and RMI (Record no. 194511)

MARC details
000 -LEADER
fixed length control field 00413nam a2200145Ia 4500
005 - DATE AND TIME OF LATEST TRANSACTION
control field 20250408152537.0
008 - FIXED-LENGTH DATA ELEMENTS--GENERAL INFORMATION
fixed length control field 231217s9999 xx 000 0 und d
020 ## - INTERNATIONAL STANDARD BOOK NUMBER
International Standard Book Number 9788179924174
082 ## - DEWEY DECIMAL CLASSIFICATION NUMBER
Classification number 001.6424JAV SOM;7
100 ## - MAIN ENTRY--PERSONAL NAME
Personal name Somasundaram, K.
245 #0 - TITLE STATEMENT
Title Advanced programming in Java 2 : updated to J2SE6 with swing servlet and RMI
260 ## - PUBLICATION, DISTRIBUTION, ETC. (IMPRINT)
Date of publication, distribution, etc. 2012
Name of publisher, distributor, etc. Jaico
Place of publication, distribution, etc. Ahmedabad
300 ## - PHYSICAL DESCRIPTION
Extent xvi, 817
942 ## - ADDED ENTRY ELEMENTS (KOHA)
Koha item type Books
Holdings
Date last seen Total Checkouts Full call number Accession number Old discount Uniform Resource Identifier Price effective from Category Public note Lost status Damaged status Department Withdrawn status bill date Permanent Location Current Location Shelving location Entry date Grants Currency symbol Conversion rate Discount Discount type
26/01/2024   001.6424JAV SOM;7 84917   digital/contents/73459.pdf 26/01/2024 Books Donated By Dr.C V Srikrishna     Central Library   31/07/2019 Central Library Central Library Central Library 15/03/2013 DONATED RS 1   Rupees

© For any Suggestions or Query, please contact the library staff @ librarian@pes.edu or Phone: +9180 2672 1983/ 2108.